| 000 | 00452nam a2200121Ia 4500 | ||
|---|---|---|---|
| 008 | 220615s9999||||xx |||||||||||||| ||und|| | ||
| 245 | 0 |
_aFilming, Researching, Annotating _bResearch Video Handbook |
|
| 546 | _aEnglish[eng] | ||
| 650 | _aInteraction design||Performing arts||Video software||Research video | ||
| 700 | _aLösel, Gunter||Zimper, Martin | ||
| 856 | _uhttps://library.oapen.org/bitstream/20.500.12657/50204/1/9783035623079.pdf | ||
| 942 | _cEB | ||
| 999 |
_c9190 _d9190 |
||